000 00260nam a22001217a 4500
082 _a080
_bVEL/S
100 _aVELUPADAM, JOHNSON
245 _aSMS FOR ALL
260 _aTHRISSUR
_bH & C PUBLISHING
_c2009
300 _a96
650 _aJOKES
_zKERALA
942 _cBK
999 _c5685
_d5685